000 00462cam a2200205ua 4500
001 8800
005 20260515114359.0
008 150214n ii |||gr||||Z||||||eng
020 _a9788174761514
040 _cMAIN
041 _aeng
082 _a822.33
100 _aBhatia, P.,
_eAuthor.
245 1 _aTwelfth night
_cBy Praveen Bhatia
250 _a1st.
260 _aNew Delhi:
_bUBS,
_c1999.
300 _a376p.
653 _aEnglish drama
942 _cBK
999 _c7888
_d7888